Paesi Africani in modo casuale - Quiz con mappa - Statistics

Statistiche generali
  • Questo quiz è stato fatto 2.112 volte
  • Il punteggio medio è 40 su 54
Risposte nella Mappa
Le risposte nella mappa del quiz sottostante sono codificate secondo una scala di colori dal rosso al verde in base alla % di persone che hanno risposto correttamente.
 
Statistiche sulle risposte
Country % Corretto
Sudafrica
78%
Madagascar
77%
Somalia
77%
Tunisia
77%
Algeria
76%
Egitto
76%
Etiopia
76%
Libia
76%
Marocco
76%
Capo Verde
75%
Ciad
75%
Lesotho
75%
Mali
75%
Mauritania
75%
Niger
75%
Nigeria
75%
Rep. Dem. del Congo
75%
Angola
74%
Eritrea
74%
Mauritius
74%
Mozambico
74%
Namibia
74%
Senegal
74%
Sudan
74%
Tanzania
74%
Benin
73%
Botswana
73%
Burundi
73%
Gambia
73%
Ghana
73%
Gibuti
73%
Kenia
73%
Repubblica Centrafricana
73%
Ruanda
73%
São Tomé e Príncipe
73%
Seychelles
73%
Sud Sudan
73%
Togo
73%
Uganda
73%
Zimbabwe
73%
Burkina Faso
72%
Camerun
72%
Guinea-Bissau
72%
Malawi
72%
Zambia
72%
Costa d'Avorio
71%
Guinea
71%
Guinea Equatoriale
71%
Liberia
71%
Repubblica del Congo
71%
Comore
70%
Eswatini
70%
Gabon
70%
Sierra Leone
70%
Nessun quiz corrispondente trovato
Distribuzione punteggi
Percentuale di utenti per punteggio
Percentile per numero di risposta
I tuoi punteggi nel tempo
Non hai fatto questo quiz